Clubs en huitièmes de finale de LDC 2024/25 - Mort subite - Statistiques

Statistiques générales
  • Ce quiz a été pris 1 290 fois
  • Le résultat moyen est 7 sur 16
Answers on the Grid
Answers color-coded by a green-red scale on the quiz's grid according to % correct below.
Club Bruges
Aston Villa
Atlético de Madrid
Real Madrid
LOSC Lille
Borussia Dortmund
PSV Eindhoven
Arsenal
Inter Milan
Feyenoord
Paris Saint-Germain
FC Liverpool
FC Barcelone
SL Benfica
Bayer Leverkusen
Bayern Munich
RB Leipzig
Manchester City
Manchester United
Girondins de Bordeaux
AS Monaco
Stade Brestois 29
Juventus de Turin
Atalanta
AC Milan
Ajax Amsterdam
Sporting Clube de Portugal
Chelsea
Olympique de Marseille
Galatasaray
Celtic FC
Real Sociedad
 
Statistiques - réponses
Réponse % Correct
Paris Saint-Germain
67%
FC Barcelone
63%
Real Madrid
62%
Bayern Munich
59%
FC Liverpool
59%
Arsenal
58%
Inter Milan
56%
Aston Villa
52%
Borussia Dortmund
46%
Atlético de Madrid
44%
LOSC Lille
39%
Bayer Leverkusen
26%
SL Benfica
25%
PSV Eindhoven
21%
Club Bruges
20%
Feyenoord
16%
Aucun quiz correspondant
Distribution des résultats
% des personnes avec chaque résultat
Percentile par nombre de réponses
Votre historique - résultats
Vous n’avez pas pris ce quiz